[Event "Ricany op"]
[Site "Ricany"]
[Date "2009.08.26"]
[Round "6"]
[White "Macku, Emil"]
[Black "Skokan, Frantisek"]
[Result "1-0"]
[WhiteElo "2020"]
[BlackElo "1854"]
[PlyCount "95"]
[EventDate "2009.08.22"]
[EventType "swiss"]
[EventRounds "9"]
[EventCountry "CZE"]
[SourceTitle "CBM 131 Extra"]
[Source "ChessBase"]
[SourceDate "2009.09.03"]
[SourceVersion "2"]
[SourceVersionDate "2009.09.16"]
[SourceQuality "1"]

1. e4 c5 2. c3 d5 3. exd5 Qxd5 4. d4 cxd4 5. cxd4 Nf6 6. Nc3 Qd8 7. Nf3 e6 8. Bc4 a6 9. 0-0 Be7 10. Re1 b5 11. Bb3 Bb7 12. Qe2 Nc6 13. Be3 0-0 14. Rad1 Nb4 15. Ne5 Nbd5 16. Bg5 h6 17. Bxf6 Bxf6 18. Nxf7 Nxc3 19. Qxe6 Bd5 20. Nxd8+ Bxe6 21. Bxe6+ Kh7 22. bxc3 Raxd8 23. Rd3 b4 24. cxb4 Bxd4 25. Re2 g6 26. Bc4 Rf6 27. Kf1 Rfd6 28. Red2 Kg7 29. Bxa6 Rxa6 30. Rxd4 Rxd4 31. Rxd4 Rxa2 32. Rd6 Rb2 33. Rb6 Rb1+ 34. Ke2 Rb2+ 35. Kf3 Rb3+ 36. Kg4 Rb2 37. Kg3 h5 38. h4 Kh6 39. b5 Rb4 40. Rb8 Rg4+ 41. Kh3 Rf4 42. b6 Kg7 43. f3 Rb4 44. Kg3 Kf6 45. Kf2 g5 46. hxg5+ Kxg5 47. b7 Kh4 48. g4 1-0

[Event "Ricany op"]
[Site "Ricany"]
[Date "2009.08.25"]
[Round "5"]
[White "Krejci, Martin"]
[Black "Macku, Emil"]
[Result "0-1"]
[WhiteElo "1837"]
[BlackElo "2020"]
[PlyCount "124"]
[EventDate "2009.08.22"]
[EventType "swiss"]
[EventRounds "9"]
[EventCountry "CZE"]
[SourceTitle "CBM 131 Extra"]
[Source "ChessBase"]
[SourceDate "2009.09.03"]
[SourceVersion "2"]
[SourceVersionDate "2009.09.16"]
[SourceQuality "1"]

1. e4 c5 2. Nf3 Nc6 3. d4 cxd4 4. Nxd4 Nf6 5. Nc3 g6 6. Be3 Bg7 7. Be2 0-0 8. 0-0 d6 9. Nb3 a5 10. f4 a4 11. Nd4 Qb6 12. Qd3 Ng4 13. Nd5 Qd8 14. Bxg4 Bxg4 15. Rab1 Bd7 16. f5 Ne5 17. Qe2 Bc6 18. Nxc6 bxc6 19. Bb6 Qd7 20. f6 cxd5 21. fxg7 Rfb8 22. Bd4 dxe4 23. Qxe4 f6 24. Rbd1 Qb7 25. Qf4 Kxg7 26. Rfe1 Qc7 27. Qf2 Rb5 28. b3 Rc8 29. c4 Rb7 30. Qg3 axb3 31. axb3 Nc6 32. Be3 Na5 33. Rd3 Rcb8 34. Qh4 Rxb3 35. Bh6+ Kg8 36. Rd4 Rb1 37. Rdd1 Rxd1 38. Rxd1 Nxc4 39. Rc1 d5 40. Bf4 Qb6+ 41. Kh1 e5 42. Bg3 Kg7 43. Qg4 Qe6 44. Qd1 Ne3 45. Qa4 Nc4 46. Qd1 Rc8 47. Qa4 Nb6 48. Qa7+ Kh6 49. Rd1 Rc7 50. Qa5 Qc6 51. Qd2+ Kg7 52. Bf2 d4 53. Bh4 Nc4 54. Qf2 g5 55. Rf1 Qd6 56. Bxg5 fxg5 57. Qf8+ Kg6 58. h4 Qe6 59. Qf3 Rf7 60. Qe4+ Kg7 61. Rxf7+ Qxf7 62. hxg5 Qf4 0-1

[Event "Czechia KP-chTB 0607"]
[Site "Czech Republic"]
[Date "2007.04.01"]
[Round "11.2"]
[White "Musil, Martin"]
[Black "Macku, Emil"]
[Result "1-0"]
[WhiteElo "1944"]
[BlackElo "1947"]
[PlyCount "61"]
[EventDate "2006.10.29"]
[EventType "team"]
[EventRounds "11"]
[EventCountry "CZE"]
[SourceTitle "EXT 2008"]
[Source "ChessBase"]
[SourceDate "2007.11.25"]
[SourceVersion "1"]
[SourceVersionDate "2007.11.25"]
[SourceQuality "1"]
[WhiteTeam "Lysa nad Labem"]
[BlackTeam "Benesov"]
[WhiteTeamCountry "CZE"]
[BlackTeamCountry "CZE"]

1. e4 c5 2. Nf3 d6 3. d4 cxd4 4. Nxd4 Nf6 5. Nc3 g6 6. Be2 Bg7 7. 0-0 0-0 8. Be3 Nc6 9. f4 Qb6 10. Na4 Qa5 11. Nc3 Qb4 12. a3 Qa5 13. Bf3 Rd8 14. Qe1 Ng4 15. Nb3 Qc7 16. Nd5 Qb8 17. Bc1 Nf6 18. c3 e6 19. Ne3 d5 20. e5 Nd7 21. Qh4 Rf8 22. Ng4 f6 23. Nd4 Nd8 24. Nxe6 Nxe6 25. Bxd5 Nxe5 26. fxe5 fxe5 27. Rxf8+ Kxf8 28. Qxh7 Qd6 29. c4 b5 30. Be3 Rb8 31. Rf1+ 1-0

[Event "Czechia KP-chTB 0607"]
[Site "Czech Republic"]
[Date "2007.01.21"]
[Round "6.2"]
[White "Macku, Emil"]
[Black "Moravec, Vit"]
[Result "1-0"]
[WhiteElo "1947"]
[BlackElo "2088"]
[PlyCount "33"]
[EventDate "2006.10.29"]
[EventType "team"]
[EventRounds "11"]
[EventCountry "CZE"]
[SourceTitle "EXT 2008"]
[Source "ChessBase"]
[SourceDate "2007.11.25"]
[SourceVersion "1"]
[SourceVersionDate "2007.11.25"]
[SourceQuality "1"]
[WhiteTeam "Benesov"]
[BlackTeam "Sendrazice"]
[WhiteTeamCountry "CZE"]
[BlackTeamCountry "CZE"]

1. e4 c5 2. c3 Nf6 3. e5 Nd5 4. d4 cxd4 5. cxd4 Nc6 6. Nf3 d6 7. Nc3 dxe5 8. dxe5 Nxc3 9. Qxd8+ Nxd8 10. bxc3 Bd7 11. Be3 Nc6 12. Rb1 b6 13. Bb5 Rd8 14. 0-0 e6 15. Rfd1 Na5 16. Rxd7 Rxd7 17. Rd1 1-0

[Event "Czechia KP-chTB 0607"]
[Site "Czech Republic"]
[Date "2007.01.07"]
[Round "5.2"]
[White "Stehlik, Jiri"]
[Black "Macku, Emil"]
[Result "1-0"]
[WhiteElo "2117"]
[BlackElo "1947"]
[PlyCount "75"]
[EventDate "2006.10.29"]
[EventType "team"]
[EventRounds "11"]
[EventCountry "CZE"]
[SourceTitle "EXT 2008"]
[Source "ChessBase"]
[SourceDate "2007.11.25"]
[SourceVersion "1"]
[SourceVersionDate "2007.11.25"]
[SourceQuality "1"]
[WhiteTeam "Kolin II"]
[BlackTeam "Benesov"]
[WhiteTeamCountry "CZE"]
[BlackTeamCountry "CZE"]

1. d4 d5 2. Nf3 Nf6 3. c4 e6 4. g3 b6 5. Bg2 Bb7 6. 0-0 Be7 7. Ne5 0-0 8. Nc3 Nbd7 9. Qa4 Nxe5 10. dxe5 Ne4 11. Nxe4 dxe4 12. Rd1 Qe8 13. Qc2 Rd8 14. Rxd8 Qxd8 15. Be3 Qa8 16. Rd1 Rd8 17. Rxd8+ Bxd8 18. h4 c5 19. h5 Bc7 20. Bf4 h6 21. Kf1 Kh7 22. f3 g5 23. hxg6+ fxg6 24. Qd1 Bc6 25. fxe4 g5 26. Bc1 Bxe5 27. Qd3 Qf8+ 28. Ke1 Kg7 29. g4 Qf6 30. b3 Bd4 31. Bf3 Qe5 32. Kd1 Qg3 33. Be3 Qe5 34. Bxd4 cxd4 35. Kc1 Qf4+ 36. Qd2 Qxd2+ 37. Kxd2 Kf6 38. e5+ 1-0

[Event "Czechia KP-chTB 0607"]
[Site "Czech Republic"]
[Date "2006.11.12"]
[Round "2.2"]
[White "Macku, Emil"]
[Black "Novak, Vaclav"]
[Result "1-0"]
[WhiteElo "1947"]
[BlackElo "2041"]
[PlyCount "53"]
[EventDate "2006.10.29"]
[EventType "team"]
[EventRounds "11"]
[EventCountry "CZE"]
[SourceTitle "EXT 2008"]
[Source "ChessBase"]
[SourceDate "2007.11.25"]
[SourceVersion "1"]
[SourceVersionDate "2007.11.25"]
[SourceQuality "1"]
[WhiteTeam "Benesov"]
[BlackTeam "Podebrady"]
[WhiteTeamCountry "CZE"]
[BlackTeamCountry "CZE"]

1. e4 g6 2. d4 Bg7 3. Nc3 d6 4. f4 c6 5. Nf3 Nf6 6. Be3 0-0 7. Be2 b5 8. e5 Ng4 9. Bd2 d5 10. h3 Nh6 11. g4 f6 12. Be3 Nf7 13. Bd3 Qb6 14. Qd2 Qc7 15. 0-0-0 a5 16. exf6 exf6 17. f5 gxf5 18. gxf5 Na6 19. Rdg1 Kh8 20. Rxg7 Kxg7 21. Rg1+ Kh8 22. Qg2 Nd6 23. Bh6 Bxf5 24. Bg7+ Kg8 25. Bxf8+ Bg6 26. Bxd6 Qxd6 27. Bxg6 1-0

[Event "Ricany op-A"]
[Site "Ricany"]
[Date "2006.09.01"]
[Round "9"]
[White "Koper, Stefan"]
[Black "Macku, Emil"]
[Result "1-0"]
[WhiteElo "2058"]
[BlackElo "1886"]
[PlyCount "87"]
[EventDate "2006.08.24"]
[EventType "swiss"]
[EventRounds "9"]
[EventCountry "CZE"]
[SourceTitle "EXT 2007"]
[Source "ChessBase"]
[SourceDate "2006.11.23"]
[SourceVersion "1"]
[SourceVersionDate "2006.11.23"]
[SourceQuality "1"]

1. d4 Nf6 2. c4 e6 3. Nc3 d5 4. cxd5 exd5 5. Nf3 c6 6. Bg5 Be7 7. e3 Bf5 8. Bd3 Bxd3 9. Qxd3 Nbd7 10. 0-0 h6 11. Bh4 0-0 12. Rab1 Re8 13. b4 a6 14. a4 Nb6 15. b5 axb5 16. axb5 Nc4 17. bxc6 bxc6 18. Nd2 Nxd2 19. Qxd2 Ne4 20. Nxe4 dxe4 21. Bxe7 Rxe7 22. Rfc1 Ra6 23. Rc5 Rea7 24. Qc2 Qe8 25. Re5 Re7 26. Qxe4 Rxe5 27. dxe5 c5 28. f4 Ra4 29. Qd5 c4 30. f5 c3 31. e6 fxe6 32. fxe6 c2 33. Rc1 Qe7 34. Qd7 Ra7 35. Qc8+ Qf8 36. Qxc2 Re7 37. Qe4 Re8 38. Ra1 Qd6 39. Ra8 Qd1+ 40. Kf2 Qd2+ 41. Kg3 Qd6+ 42. Kh3 Rxa8 43. Qxa8+ Kh7 44. Qe4+ 1-0

[Event "Ricany op-A"]
[Site "Ricany"]
[Date "2006.08.29"]
[Round "6"]
[White "Macku, Emil"]
[Black "Skala, Jaromir"]
[Result "1/2-1/2"]
[WhiteElo "1886"]
[BlackElo "2079"]
[PlyCount "22"]
[EventDate "2006.08.24"]
[EventType "swiss"]
[EventRounds "9"]
[EventCountry "CZE"]
[SourceTitle "EXT 2007"]
[Source "ChessBase"]
[SourceDate "2006.11.23"]
[SourceVersion "1"]
[SourceVersionDate "2006.11.23"]
[SourceQuality "1"]

1. c4 Nf6 2. Nc3 e5 3. g3 c6 4. d4 exd4 5. Qxd4 Be7 6. Bg5 h6 7. Bf4 Na6 8. Rd1 0-0 9. Bg2 Bc5 10. Qd2 Nc7 11. e3 Ne6 1/2-1/2